Platforma na analýzu publikačných údajov

Saved in:
Bibliographic Details
Main Author: Antal, Patrik (Author)
Other Authors: Drozda, Martin (Thesis advisor)
Format: Manuscript Book
Language:Slovak
Published: 2025
Subjects:
Online Access:http://is.stuba.sk/zp/portal_zp.pl?podrobnosti=184359
Tags: Add Tag
No Tags, Be the first to tag this record!

MARC

LEADER 00000ntm a22000003a 4500
001 stuzp105312
003 SK-STU
005 20250614213737.9
007 ta
008 150427s2015----xo-----f-mn---000-0-slo-d
040 |a STU  |b slo 
041 0 |a slo 
100 1 |a Antal, Patrik  |u 035000  |4 aut  |U FEI Fakulta elektrotechniky a informatiky  |T FEI Ústav informatiky a matematiky  |X 111970  |U E050  |Y 816  |7 111970 
242 0 1 |a Publication data intelligence platform  |y eng 
245 1 0 |a Platforma na analýzu publikačných údajov 
260 |c 2025 
650 4 |a PostgreSQL  |2 eng 
650 4 |a mediator design pattern  |2 eng 
650 4 |a system architecture  |2 eng 
650 4 |a GraphQL  |2 eng 
650 4 |a RedwoodJS  |2 eng 
650 4 |a bibliometrics  |2 eng 
650 4 |a digital library  |2 eng 
650 4 |a publication data  |2 eng 
650 4 |a ORM  |2 eng 
650 4 |a performance metrics  |2 eng 
650 4 |a ORM  |2 slo 
650 4 |a návrhový vzor mediátor  |2 slo 
650 4 |a architektúra systému  |2 slo 
650 4 |a PostgreSQL  |2 slo 
650 4 |a GraphQL  |2 slo 
650 4 |a RedwoodJS  |2 slo 
650 4 |a výkonnostné metriky  |2 slo 
650 4 |a bibliometria  |2 slo 
650 4 |a digitálna knižnica  |2 slo 
650 4 |a publikačné údaje  |2 slo 
700 1 |a Drozda, Martin  |u 035000  |k Z1  |4 ths  |U FEI Fakulta elektrotechniky a informatiky  |T FEI Ústav informatiky a matematiky  |X 71006  |U E050  |Y 816  |7 A000071006 
856 4 |u http://is.stuba.sk/zp/portal_zp.pl?podrobnosti=184359